<?xml version="1.0" encoding="UTF-8"?>
<record
    xmlns:xsi="http://www.w3.org/2001/XMLSchema-instance"
    xsi:schemaLocation="http://www.loc.gov/MARC21/slim http://www.loc.gov/standards/marcxml/schema/MARC21slim.xsd"
    xmlns="http://www.loc.gov/MARC21/slim">

  <leader>03304nam a2200301 a 4500</leader>
  <controlfield tag="003">OSt</controlfield>
  <controlfield tag="005">20251111114014.0</controlfield>
  <controlfield tag="007">cr ||||||a|c|a</controlfield>
  <controlfield tag="008">230524s2019    mx a|||fom||| 001 0 spa d</controlfield>
  <datafield tag="040" ind1=" " ind2=" ">
    <subfield code="e">rda</subfield>
  </datafield>
  <datafield tag="100" ind1="1" ind2=" ">
    <subfield code="9">187158</subfield>
    <subfield code="a">Hern&#xE1;ndez Lazcano, Mar&#xED;a Erika</subfield>
  </datafield>
  <datafield tag="245" ind1="1" ind2="0">
    <subfield code="a">Cambios en las propiedades qu&#xED;micas y biol&#xF3;gicas de suelo y pasto (Lolium perenne) irrigado con agua residual tratada en el Barrio Santiaguito, Texcoco, M&#xE9;xico /</subfield>
    <subfield code="c">por Mar&#xED;a Erika Hern&#xE1;ndez Lazcano; director de tesis Langen Corlay Chee.</subfield>
  </datafield>
  <datafield tag="264" ind1=" " ind2="1">
    <subfield code="a">Chapingo, M&#xE9;xico :</subfield>
    <subfield code="b">El autor,</subfield>
    <subfield code="c">2019.</subfield>
  </datafield>
  <datafield tag="300" ind1=" " ind2=" ">
    <subfield code="a">1 recurso en l&#xED;nea ( 59 p&#xE1;ginas):</subfield>
    <subfield code="b">cuadros, figuras.</subfield>
  </datafield>
  <datafield tag="336" ind1=" " ind2=" ">
    <subfield code="2">rdacontent</subfield>
    <subfield code="a">texto</subfield>
    <subfield code="b">txt</subfield>
  </datafield>
  <datafield tag="337" ind1=" " ind2=" ">
    <subfield code="2">rdamedia</subfield>
    <subfield code="a">computadora</subfield>
    <subfield code="b">c</subfield>
  </datafield>
  <datafield tag="338" ind1=" " ind2=" ">
    <subfield code="2">rdacarrier</subfield>
    <subfield code="a">recurso en l&#xED;nea</subfield>
    <subfield code="b">cr</subfield>
  </datafield>
  <datafield tag="502" ind1=" " ind2=" ">
    <subfield code="b">IAES</subfield>
    <subfield code="c">Suelos</subfield>
    <subfield code="d">2019.</subfield>
    <subfield code="g">LIC</subfield>
  </datafield>
  <datafield tag="504" ind1=" " ind2=" ">
    <subfield code="a">Incluye referencias bibliogr&#xE1;ficas: p&#xE1;ginas 54-59.</subfield>
  </datafield>
  <datafield tag="520" ind1=" " ind2=" ">
    <subfield code="a">Para cubrir la demanda de agua en &#xE1;reas recreativas, en el Barrio Santiaguito en Texcoco, Estado de M&#xE9;xico, se est&#xE1;n empleando aguas residuales tratadas.  Adem&#xE1;s de reducir el uso de agua potable para irrigar &#xE1;reas verdes, tambi&#xE9;n se cumple con parte del ciclo del agua, como es la infiltraci&#xF3;n y con ello la recarga de los mantos fre&#xE1;ticos. Aunque esta alternativa ecol&#xF3;gicamente es amigable, se desconoce el impacto de esta pr&#xE1;ctica en el suelo y vegetaci&#xF3;n presente en las &#xE1;reas mencionadas. Por lo anterior, para el presente trabajo se colectaron por triplicado muestras de suelo irrigado con agua residual tratada (ART) y del pasto desarrollado en &#xE9;ste, como testigo se us&#xF3; un suelo y pasto irrigado con agua potable. Se les evaluaron Coliformes Totales (CT), Coliformes Fecales (CF), pH, nitr&#xF3;geno y f&#xF3;sforo. Adicionalmente, se colectaron muestras de ART y potable en las que se determinaron las variables antes mencionadas adem&#xE1;s de Demanda Bioqu&#xED;mica de Oxigeno (DBO). Se encontr&#xF3; que el riego con ART del humedal de Santiaguito, Texcoco, incrementa el valor de las variables evaluadas en el suelo en 2,571%, 24,252%, 50%, 74% y 10% para CT, CF, nitr&#xF3;geno, f&#xF3;sforo y pH respectivamente. Mientras que en pasto irrigado con ART, la poblaci&#xF3;n de CT y CF aumentaron en 2,216% y 24,252%, con respecto al testigo irrigado con agua potable; asimismo, la concentraci&#xF3;n de nitr&#xF3;geno y f&#xF3;sforo aumentaron en 20% y 13%, respectivamente. Lo anterior se atribuy&#xF3; a las caracter&#xED;sticas del ART que adem&#xE1;s de aportar nutrimentos para las plantas, presenta CT, CF y DBO en niveles superiores a los permitidos por la NOM-001- SEMARNAT-1996 y la NOM-003- SEMARNAT-1997. Por lo que se recomienda reducir la velocidad del flujo del agua en el humedal de Santiaguito y complementarlo con otro tipo de tratamientos como aplicaci&#xF3;n de cloro, a fin de mejorar la calidad biol&#xF3;gica del ART y con ello, disminuir riesgos a la salud de los usuarios de la cancha deportiva.</subfield>
  </datafield>
  <datafield tag="650" ind1=" " ind2="4">
    <subfield code="9">130737</subfield>
    <subfield code="a">Aguas residuales</subfield>
    <subfield code="x">Aprovechamiento</subfield>
  </datafield>
  <datafield tag="650" ind1=" " ind2="4">
    <subfield code="9">2584</subfield>
    <subfield code="a">Aguas residuales</subfield>
    <subfield code="x">An&#xE1;lisis</subfield>
  </datafield>
  <datafield tag="650" ind1=" " ind2="4">
    <subfield code="9">133883</subfield>
    <subfield code="a">Aguas residuales</subfield>
    <subfield code="x">Calidad</subfield>
  </datafield>
  <datafield tag="650" ind1=" " ind2="4">
    <subfield code="9">136007</subfield>
    <subfield code="a">Aguas residuales</subfield>
    <subfield code="x">Tratamiento</subfield>
  </datafield>
  <datafield tag="700" ind1="1" ind2=" ">
    <subfield code="9">28007</subfield>
    <subfield code="a">Corlay Chee, Langen</subfield>
    <subfield code="e">director.</subfield>
  </datafield>
  <datafield tag="856" ind1=" " ind2=" ">
    <subfield code="u">http://10.13.5.2/tesis/tl/Hernandez_Lazcano_Maria_Erika.pdf</subfield>
    <subfield code="z">DESCARGAR PDF</subfield>
  </datafield>
  <datafield tag="942" ind1=" " ind2=" ">
    <subfield code="2">Clasificaci&#xF3;n Universidad Aut&#xF3;noma Chapingo</subfield>
    <subfield code="c">TD</subfield>
  </datafield>
  <datafield tag="999" ind1=" " ind2=" ">
    <subfield code="c">218817</subfield>
    <subfield code="d">218817</subfield>
  </datafield>
  <datafield tag="952" ind1=" " ind2=" ">
    <subfield code="0">0</subfield>
    <subfield code="1">0</subfield>
    <subfield code="2">local</subfield>
    <subfield code="4">0</subfield>
    <subfield code="5">1</subfield>
    <subfield code="7">0</subfield>
    <subfield code="8">TesDigL</subfield>
    <subfield code="a">BD</subfield>
    <subfield code="b">BD</subfield>
    <subfield code="c">E_L</subfield>
    <subfield code="d">2023-05-24</subfield>
    <subfield code="l">0</subfield>
    <subfield code="o">Tesis digital</subfield>
    <subfield code="r">2023-05-24 00:00:00</subfield>
    <subfield code="w">2023-05-24</subfield>
    <subfield code="y">TD</subfield>
  </datafield>
</record>
